| Tag |
First Indicator |
Second Indicator |
Subfields |
| LEADER |
00000cam a2200000Ii 4500 |
| 001 |
in00003920607 |
| 005 |
20180430091240.0 |
| 008 |
171009s1947 txua s000 0 eng d |
| 035 |
|
|
|a (OCoLC)on1005670212
|
| 035 |
|
|
|a (OCoLC)1005670212
|
| 040 |
|
|
|a TXA
|b eng
|e rda
|c TXA
|d OCL
|d UtOrBLW
|
| 043 |
|
|
|a n-us-tx
|
| 049 |
|
|
|a TXAM
|
| 086 |
|
|
|a Z TA245.7 L47 no. L-52
|2 txdocs
|
| 090 |
|
|
|a S544.3.T4
|b T273 no. L-52
|
| 100 |
1 |
|
|a Barnes, Dora R.,
|e author.
|
| 245 |
1 |
0 |
|a Boys' first shorts / by Mrs. Dora R. Barnes, Extension Specialist in Clothing.
|
| 264 |
|
1 |
|a College Station, Texas :
|b Agricultural and Mechanical College of Texas, Extension Service,
|c 1947.
|
| 300 |
|
|
|a 2 unnumbered pages :
|b illustrations.
|
| 336 |
|
|
|a text
|b txt
|2 rdacontent
|
| 337 |
|
|
|a unmediated
|b n
|2 rdamedia
|
| 338 |
|
|
|a volume
|b nc
|2 rdacarrier
|
| 490 |
1 |
|
|a L / [Agricultural and Mechanical College of Texas, Extension Service] ;
|v 52
|
| 500 |
|
|
|a Title from caption.
|
| 500 |
|
|
|a "5M - 7 - 47"--Page 2.
|
| 500 |
|
|
|a The United States Department of Agriculture cooperating.
|
| 650 |
|
0 |
|a Shorts (Clothing)
|0 http://id.loc.gov/authorities/subjects/sh99004572
|
| 650 |
|
0 |
|a Dressmaking
|v Patterns.
|0 http://id.loc.gov/authorities/subjects/sh85039519
|
| 650 |
|
0 |
|a Boys' clothing.
|0 http://id.loc.gov/authorities/subjects/sh85016213
|
| 650 |
|
7 |
|a Shorts (Clothing)
|2 fast
|0 (OCoLC)fst01117631
|
| 650 |
|
7 |
|a Dressmaking.
|2 fast
|0 (OCoLC)fst00898000
|
| 650 |
|
7 |
|a Boys' clothing.
|2 fast
|0 (OCoLC)fst00837398
|
| 650 |
|
3 |
|a clothing construction.
|
| 653 |
|
|
|a clothing patterns
|
| 655 |
|
7 |
|a Patterns.
|2 fast
|0 (OCoLC)fst01424065
|
| 710 |
1 |
|
|a United States.
|b Department of Agriculture,
|e issuing body.
|0 http://id.loc.gov/authorities/names/n79008243
|
| 710 |
2 |
|
|a Agricultural and Mechanical College of Texas.
|b Extension Service,
|e issuing body.
|0 http://id.loc.gov/authorities/names/no2009065583
|
| 830 |
|
0 |
|a L (Agricultural and Mechanical College of Texas. Extension Service) ;
|v 52.
|0 http://id.loc.gov/authorities/names/no2017125259
|
| 856 |
4 |
1 |
|z Available online via OAK Trust Repository
|u http://oaktrust.library.tamu.edu/handle/1969.1/161138
|t 0
|
| 994 |
|
|
|a C0
|b TXA
|
| 999 |
f |
f |
|s f26c29cf-04c0-3e7d-8934-21a6bbb71a37
|i 3bf5cfbd-c8b9-3d8c-b1cb-4856585b5fbb
|t 0
|
| 952 |
f |
f |
|a Texas A&M University
|b College Station
|c Electronic Resources
|d Available Online
|t 0
|e Z TA245.7 L47 no. L-52
|g Electronic
|h Superintendent of Documents classification
|
| 998 |
f |
f |
|a Z TA245.7 L47 no. L-52
|t 0
|l Available Online
|